[Event "91st GER-ch 2020"]
[Site "Magdeburg"]
[Date "2020.08.17"]
[Round "2.10"]
[White "Mons, Leon"]
[Black "Nguyen, Alex Dac-Vuong"]
[Result "1-0"]
[WhiteElo "2540"]
[BlackElo "2366"]
[Annotator "TA"]
[PlyCount "135"]
[EventDate "2020.08.16"]
[EventType "swiss"]
[EventCountry "GER"]
[SourceTitle "playchess.com"]
[Source "ChessBase"]
[SourceQuality "1"]

{[%evp 20,135,20,22,23,0,0,0,0,0,0,0,19,23,19,19,16,22,22,21,9,21,12,17,44,10,23,22,53,48,46,41,47,49,57,64,59,71,62,62,64,16,108,99,120,105,104,113,126,131,130,135,133,149,125,121,125,126,130,131,138,104,127,121,141,143,153,147,153,120,155,153,135,128,136,139,125,96,138,135,153,139,149,157,198,201,200,191,199,190,203,237,236,202,202,185,199,201,196,194,274,280,353,337,305,172,172,172,283,245,244,244,884,884,884,770,335,284]} 1. d4 Nf6 2. c4 e6 3. Nc3 Bb4 4. g3 c5 5. Nf3 O-O 6. Bg2 cxd4 7. Nxd4 d5 8. cxd5 Nxd5 9. Qb3 Nc6 10. Nxc6 bxc6 11. O-O {[#] And now Nxd5 would win.} Rb8 {E20: Nimzo-Indian: 4 g3 and 4 f3.} 12. Ne4 Ba6 13. Qc2 Be7 {The position is equal.} 14. a3 Qb6 15. b4 {[#]} f5 $146 ({Predecessor:} 15... Rfc8 16. Bg5 f6 17. Bd2 Bxe2 18. Rfe1 Bh5 19. Bh3 Bf7 20. Rac1 Rc7 21. Nc5 Bxc5 22. Qxc5 Qxc5 23. Rxc5 {1-0 (79) Ponomariov,R (2705)-Kramnik,V (2785) Moscow 2007}) 16. Ng5 {[%cal Be4g5,Bg5h3,Bh3f4][%mdl 32]} Bf6 17. Rb1 Rfe8 18. Re1 h6 19. Nh3 c5 20. Bxd5 exd5 21. Nf4 d4 22. Qxf5 Re5 23. Qc2 $36 {[%mdl 2048] White is more active.} c4 {[#]} 24. b5 $1 {[%mdl 512]} Rxb5 ({But not} 24... Bxb5 $2 25. a4 $18) 25. Qxc4+ Kh8 26. Rxb5 Qxb5 27. Qf7 Qa5 28. Rf1 Qc5 29. Bd2 Bc4 30. Bb4 Qb5 (30... Qxb4 $11 31. Qxf6 gxf6 32. axb4 Rxb4) 31. Qxa7 $16 Re8 32. Re1 Kh7 33. Qa5 Qd7 34. Qh5 Bf7 35. Qf3 Bg5 36. Qd3+ Kg8 37. Bd2 Qa4 38. h4 Bf6 39. Bb4 Qc6 40. Qd2 Rc8 41. Nd3 Qe4 42. Qf4 Qe6 43. Qf3 Qd7 44. Nf4 Qb5 45. Qd3 Bc4 46. Qd2 Re8 47. Qc2 Bf7 48. Bd2 Ra8 49. Rb1 Qe8 50. Bb4 Rc8 51. Qf5 Rb8 52. Bd6 Rxb1+ 53. Qxb1 g5 54. Qf5 Kg7 55. hxg5 hxg5 56. Nd3 {Strongly threatening Be5.} Bg6 57. Qf3 Be4 58. Qg4 {aiming for Be5!} Bg6 59. Nc5 Bh5 (59... Qc6 $142) 60. Ne6+ $18 Kg8 61. Qf5 Qg6 62. Qxg6+ (62. Qd5 $142 {Hoping for Nf4+.} Qb1+ 63. Kg2) 62... Bxg6 {[%mdl 4096] Endgame KBB-KBN} 63. Nc5 Bd8 (63... Be8 $142 64. Kg2 Kf7) 64. Be5 Be7 65. Bxd4 Bxc5 $2 (65... g4 66. f4 gxf3 67. exf3 Bd6) 66. Bxc5 Bc2 67. g4 Kf7 68. f3 {Accuracy: White = 86%, Black = 75%.} 1-0

[Event "91st GER-ch 2020"]
[Site "Magdeburg"]
[Date "2020.08.17"]
[Round "2.11"]
[White "Geue, Niklas"]
[Black "Florstedt, Johannes"]
[Result "0-1"]
[WhiteElo "2050"]
[BlackElo "2350"]
[Annotator "TA"]
[PlyCount "66"]
[EventDate "2020.08.16"]
[EventType "swiss"]
[EventCountry "GER"]
[SourceTitle "playchess.com"]
[Source "ChessBase"]
[SourceQuality "1"]

{[%evp 11,66,-2,5,-7,-4,0,0,-4,0,-9,-8,-7,-1,-8,-10,-38,-41,-37,0,-16,-10,0,-11,-28,0,1,12,-26,-8,-12,-20,-110,-52,-26,-17,-90,-71,-158,-152,-200,-213,-206,-214,-191,-191,-211,-208,-1065,-1002,-29990,-29991,-29993,-29994,-29994,-29995,-29995,-29996]} 1. Nf3 c5 2. c4 Nc6 3. g3 g6 4. Bg2 Bg7 5. Nc3 d6 6. d3 e6 7. O-O {A37: Symmetrical English vs ...g6: 4 Bg2 Bg7 5 Nf3.} Nge7 8. Rb1 O-O 9. a3 {The position is equal.} b6 10. Bg5 h6 11. Bd2 Bb7 12. b4 Qd7 13. Re1 g5 {[#]} 14. e4 $146 ({Predecessor:} 14. Qc1 Ng6 15. Be3 f5 16. Rd1 Rae8 17. b5 Nd4 18. Bxd4 cxd4 19. Na2 g4 20. Ne1 Bxg2 21. Nxg2 {0-1 (30) Piorun,K (2611)-Salem,A (2675) Moscow 2019}) 14... Rae8 15. b5 Nd4 16. Nxd4 cxd4 17. Ne2 f5 18. f4 g4 19. Bb4 h5 20. a4 h4 21. Nc1 (21. Qb3 $11) 21... h3 (21... e5 $17 {aiming for ...exf4.} 22. Ne2 fxe4 23. Bxe4 Nf5) 22. Bh1 $1 $15 Rf7 23. Nb3 (23. exf5 $11 {keeps the balance.} Nxf5 24. Qxg4) 23... e5 $1 $17 24. Bd2 ({White should try} 24. fxe5 Bxe5 25. Bd2) 24... exf4 25. gxf4 Ng6 $1 26. exf5 {Rxe8+ is the strong threat.} Rxe1+ 27. Qxe1 {[#]} Bxh1 $1 28. fxg6 Re7 29. Qf2 $2 {[#]} (29. Qh4 Bf6 30. Qh5 (30. Qxf6 {is a self mate.} Qb7 31. Qf7+ Rxf7 32. gxf7+ Kxf7 33. Kf2 Qg2+ {[%mdl 64] Double Attack} 34. Ke1 Qg1+ 35. Ke2 Bf3#)) 29... Ba8 $1 $19 30. Nxd4 g3 {Black mates.} 31. hxg3 Bxd4 32. Qxd4 {[#]} h2+ $1 {[%mdl 512]} 33. Kf2 {[#]} (33. Kxh2 Re2+) 33... Re2+ $1 {[%mdl 576] Double Attack. Accuracy: White = 53%, Black = 93%.} 0-1

[Event "91st GER-ch 2020"]
[Site "Magdeburg"]
[Date "2020.08.17"]
[Round "2.12"]
[White "Stern, Rene"]
[Black "Tschernatsch, Johannes"]
[Result "1/2-1/2"]
[WhiteElo "2526"]
[BlackElo "2241"]
[Annotator "TA"]
[PlyCount "83"]
[EventDate "2020.08.16"]
[EventType "swiss"]
[EventCountry "GER"]
[SourceTitle "playchess.com"]
[Source "ChessBase"]
[SourceQuality "1"]

{[%evp 11,83,17,18,16,21,12,42,35,45,36,31,26,54,27,75,60,37,31,47,25,36,28,44,33,52,55,43,38,52,57,61,47,46,41,50,54,54,52,47,44,50,17,32,32,37,0,0,0,0,2,9,0,12,0,0,0,0,0,0,0,0,0,0,0,0,0,0,0,0,0,0,0,0,-3]} 1. Nf3 Nf6 2. c4 e6 3. Nc3 d5 4. d4 Nbd7 5. Bf4 dxc4 6. e3 Nb6 7. Bxc4 {[%mdl 64] [#] Decoy. D37: Queen's Gambit Declined: 5 Bf4.} Nxc4 8. Qa4+ {[%mdl 64] Double Attack} Bd7 {has lost popularity (8...c6).} 9. Qxc4 {White is slightly better.} Bd6 10. Bg3 {[#]} O-O $146 ({Predecessor:} 10... Bc6 11. O-O Bxf3 12. gxf3 O-O 13. Nb5 Qd7 14. Rfc1 Rfc8 15. Rc2 a6 16. Nc3 b5 {½-½ (80) Gurevich,M (2625)-Andersson,U (2605) Madrid 1988}) 11. O-O Rc8 12. Ne5 Qe7 13. Qb3 (13. Bh4 $5 {[%cal Rc3e4]} Qe8 14. a4 $14 (14. Nxd7 Qxd7 15. Bxf6 gxf6 $14)) 13... b6 14. Rfd1 Bxe5 15. Bxe5 Bc6 16. Rac1 a6 17. f3 Bb7 18. e4 Rfd8 19. a3 Nd7 20. Bg3 h5 21. Ne2 Nf8 22. Qe3 (22. Bf4 {is more complex.} Ng6 23. Be3 Rd7 24. Rf1 Rf8 25. Qc4) 22... c5 23. dxc5 Rxd1+ 24. Rxd1 Qxc5 25. Qxc5 Rxc5 26. Nc3 b5 27. Bd6 Rc6 28. Bxf8 Kxf8 $14 {[%mdl 4096] Endgame KRB-KRN. The position is equal.} 29. Rd7 Bc8 30. Ra7 e5 $1 31. Kf2 Be6 32. Ke1 g5 33. Kd2 Kg7 34. Ke3 Rd6 35. g3 Bc4 {[#] ...Rd3+ is the strong threat.} 36. Nd5 $1 Bxd5 37. exd5 Rxd5 38. Rxa6 $11 {KR-KR} f5 39. Ra5 Kf6 40. a4 f4+ 41. Ke2 {Hoping for gxf4.} Rd4 42. Rxb5 {Accuracy: White = 90%, Black = 90%.} 1/2-1/2

[Event "91st GER-ch 2020"]
[Site "Magdeburg"]
[Date "2020.08.17"]
[Round "2.13"]
[White "Ehmann, Thilo"]
[Black "Schulte, Felix"]
[Result "1-0"]
[WhiteElo "2329"]
[BlackElo "2174"]
[Annotator "ChessBase"]
[PlyCount "143"]
[EventDate "2020.08.16"]
[EventType "swiss"]
[EventCountry "GER"]
[SourceTitle "playchess.com"]
[Source "ChessBase"]
[SourceQuality "1"]
[TimeControl "40/5400+30:1800+30"]

1. e4 {[%emt 0:00:00]} c6 {[%emt 0:00:00]} 2. d4 {[%emt 0:00:03]} d5 {[%emt 0:00:00]} 3. Nc3 {[%emt 0:00:15]} g6 {[%emt 0:00:08]} 4. h3 {[%emt 0:00:30]} Bg7 {[%emt 0:00:07]} 5. Nf3 {[%emt 0:00:07]} Nf6 {[%emt 0:00:05]} 6. Bd3 {[%emt 0:02:05]} dxe4 {[%emt 0:01:00]} 7. Nxe4 {[%emt 0:00:04]} Nxe4 {[%emt 0:00:07]} 8. Bxe4 {[%emt 0:00:04]} Nd7 {[%emt 0:00:23]} 9. O-O {[%emt 0:00:30]} c5 {[%emt 0:00:48]} 10. c3 {[%emt 0:01:43]} Qc7 {[%emt 0:02:32]} 11. Qe2 {[%emt 0:04:11]} cxd4 {[%emt 0:04:41]} 12. Nxd4 {[%emt 0:08:59]} O-O {[%emt 0:05:34]} 13. Nb5 {[%emt 0:08:10]} Qb8 {[%emt 0:08:49]} 14. f4 {[%emt 0:03:45]} a6 {[%emt 0:02:06]} 15. Na3 {[%emt 0:00:56]} Nc5 {[%emt 0:01:56]} 16. Bf3 {[%emt 0:00:48]} e5 {[%emt 0:07:09]} 17. Be3 {[%emt 0:11:53]} Nd7 {[%emt 0:06:13]} 18. fxe5 {[%emt 0:09:02]} Nxe5 {[%emt 0:00:27]} 19. Nc4 {[%emt 0:01:30]} Nxc4 {[%emt 0:07:36]} 20. Qxc4 {[%emt 0:01:02]} Bxh3 {[%emt 0:09:47]} 21. Bd5 {[%emt 0:09:42]} Bf5 {[%emt 0:01:49]} 22. Bc5 {[%emt 0:01:46]} Rc8 {[%emt 0:04:40]} 23. Qb4 {[%emt 0:09:51]} Rc7 {[%emt 0:15:31]} 24. Qb6 {[%emt 0:07:27]} Rd7 {[%emt 0:01:27]} 25. Rad1 {[%emt 0:01:40]} Qd8 {[%emt 0:05:38]} 26. Bxf7+ {[%emt 0:06:16]} Kh8 {[%emt 0:01:27]} 27. Bb3 {[%emt 0:02:02]} Qxb6 {[%emt 0:04:47]} 28. Bxb6 {[%emt 0:00:05]} Re7 {[%emt 0:01:14]} 29. Rfe1 {[%emt 0:01:15]} Rxe1+ {[%emt 0:01:17]} 30. Rxe1 {[%emt 0:00:04]} Bf6 {[%emt 0:01:49]} 31. Re7 {[%emt 0:00:41]} a5 {[%emt 0:04:58]} 32. Rxb7 {[%emt 0:03:02]} a4 {[%emt 0:00:01]} 33. Bd5 {[%emt 0:00:14]} a3 {[%emt 0:00:27]} 34. bxa3 {[%emt 0:00:30]} Bxc3 {[%emt 0:01:14]} 35. Rc7 {[%emt 0:01:52]} Rb8 {[%emt 0:00:01]} 36. Rxc3 {[%emt 0:00:08]} Rxb6 {[%emt 0:00:04]} 37. a4 {[%emt 0:01:21]} Bd7 {[%emt 0:00:38]} 38. Ra3 {[%emt 0:00:27]} Bc8 {[%emt 0:01:31]} 39. Rb3 {[%emt 0:01:49]} Rd6 {[%emt 0:00:23]} 40. Bc4 {[%emt 0:00:23]} Ba6 {[%emt 0:00:34]} 41. Bb5 {[%emt 0:30:57]} Kg7 {[%emt 0:30:10]} 42. Rc3 {[%emt 0:01:12]} Kf6 {[%emt 0:00:00]} 43. Rc7 {[%emt 0:00:00]} Rb6 {[%emt 0:00:00]} 44. Rxh7 {[%emt 0:00:00]} Bxb5 {[%emt 0:00:00]} 45. axb5 {[%emt 0:00:00]} Rxb5 {[%emt 0:00:00]} 46. Rh4 {[%emt 0:00:00]} Kg5 {[%emt 0:00:00]} 47. Rc4 {[%emt 0:00:00]} Rb2 {[%emt 0:00:00]} 48. a4 {[%emt 0:00:00]} Ra2 {[%emt 0:00:00]} 49. Kh2 {[%emt 0:00:00]} Ra3 {[%emt 0:00:00]} 50. g3 {[%emt 0:00:00]} Ra2+ {[%emt 0:00:00]} 51. Kh3 {[%emt 0:00:00]} Kh5 {[%emt 0:00:00]} 52. g4+ {[%emt 0:00:00]} Kg5 {[%emt 0:00:00]} 53. Kg3 {[%emt 0:00:00]} Ra3+ {[%emt 0:00:00]} 54. Kf2 {[%emt 0:00:00]} Rd3 {[%emt 0:00:00]} 55. Ke2 {[%emt 0:00:00]} Rd5 {[%emt 0:00:00]} 56. Ke3 {[%emt 0:00:00]} Rd1 {[%emt 0:02:33]} 57. Rd4 {[%emt 0:00:00]} Rc1 {[%emt 0:00:42]} 58. Kd2 {[%emt 0:00:00]} Rc5 {[%emt 0:00:50]} 59. Kd3 {[%emt 0:00:00]} Rc1 {[%emt 0:00:05]} 60. Rc4 {[%emt 0:00:00]} Rb1 {[%emt 0:00:51]} 61. Kc2 {[%emt 0:00:00]} Rb7 {[%emt 0:00:29]} 62. Kc3 {[%emt 0:00:00]} Rb1 {[%emt 0:00:52]} 63. a5 {[%emt 0:00:00]} Rb5 {[%emt 0:02:54]} 64. Ra4 {[%emt 0:00:00]} Rb1 {[%emt 0:00:52]} 65. Kd3 {[%emt 0:00:00]} Kh4 {[%emt 0:00:28]} 66. Ke3 {[%emt 0:00:03]} g5 {[%emt 0:00:25]} 67. a6 {[%emt 0:01:07]} Rb8 {[%emt 0:00:01]} 68. a7 {[%emt 0:00:43]} Ra8 {[%emt 0:00:05]} 69. Kf3 {[%emt 0:00:21]} Rf8+ {[%emt 0:00:05]} 70. Kg2 {[%emt 0:00:13]} Ra8 {[%emt 0:00:04]} 71. Kh2 {[%emt 0:00:20]} Rf8 {[%emt 0:04:30]} 72. a8=Q {[%emt 0:00:22]} 1-0

[Event "91st GER-ch 2020"]
[Site "Magdeburg"]
[Date "2020.08.17"]
[Round "2.14"]
[White "Schulz, Lukas"]
[Black "Hundack, Rolf"]
[Result "1-0"]
[WhiteElo "2293"]
[BlackElo "2126"]
[Annotator "ChessBase"]
[PlyCount "59"]
[EventDate "2020.08.16"]
[EventType "swiss"]
[EventCountry "GER"]
[SourceTitle "playchess.com"]
[Source "ChessBase"]
[SourceQuality "1"]
[TimeControl "40/5400+30:1800+30"]

1. e4 {[%emt 0:00:00]} e5 {[%emt 0:00:00]} 2. f4 {[%emt 0:00:00]} d5 {[%emt 0:00:25]} 3. exd5 {[%emt 0:00:18]} c6 {[%emt 0:00:52]} 4. Nc3 {[%emt 0:01:50]} exf4 {[%emt 0:00:33]} 5. Nf3 {[%emt 0:00:14]} Bd6 {[%emt 0:00:27]} 6. d4 {[%emt 0:00:30]} Ne7 {[%emt 0:00:29]} 7. dxc6 {[%emt 0:02:14]} O-O {[%emt 0:01:58]} 8. cxb7 {[%emt 0:07:57]} Bxb7 {[%emt 0:01:06]} 9. Bd3 {[%emt 0:01:26]} Ng6 {[%emt 0:01:56]} 10. O-O {[%emt 0:03:48]} Nd7 {[%emt 0:04:26]} 11. Ne4 {[%emt 0:05:51]} Bc7 {[%emt 0:04:14]} 12. c3 {[%emt 0:03:25]} Re8 {[%emt 0:03:42]} 13. Qc2 {[%emt 0:05:34]} Nf6 {[%emt 0:24:41]} 14. Nxf6+ {[%emt 0:06:50]} Qxf6 {[%emt 0:01:54]} 15. Bd2 {[%emt 0:00:21]} Kh8 {[%emt 0:05:33]} 16. Rae1 {[%emt 0:01:25]} Nh4 {[%emt 0:22:00]} 17. Rf2 {[%emt 0:31:39]} Bxf3 {[%emt 0:17:11]} 18. gxf3 {[%emt 0:01:00]} Re3 {[%emt 0:01:02]} 19. Be4 {[%emt 0:03:27]} Rxe1+ {[%emt 0:03:58]} 20. Bxe1 {[%emt 0:00:05]} Re8 {[%emt 0:00:34]} 21. Re2 {[%emt 0:06:36]} g5 {[%emt 0:02:14]} 22. Qa4 {[%emt 0:06:17]} Rg8 {[%emt 0:00:37]} 23. Qc6 {[%emt 0:00:04]} Bd6 {[%emt 0:00:27]} 24. Kh1 {[%emt 0:00:13]} Rd8 {[%emt 0:00:47]} 25. c4 {[%emt 0:00:56]} g4 {[%emt 0:00:15]} 26. Bc3 {[%emt 0:00:12]} gxf3 {[%emt 0:00:40]} 27. Bxf3 {[%emt 0:00:13]} Nxf3 {[%emt 0:00:42]} 28. d5 {[%emt 0:02:43]} Ne5 {[%emt 0:00:32]} 29. Rxe5 {[%emt 0:00:06]} Qxe5 {[%emt 0:00:36]} 30. Qxd6 {[%emt 0:00:10]} 1-0

[Event "91st GER-ch 2020"]
[Site "Magdeburg"]
[Date "2020.08.17"]
[Round "2.15"]
[White "Bastian, Herbert"]
[Black "Michalowski, Peter"]
[Result "1-0"]
[WhiteElo "2272"]
[BlackElo "2106"]
[Annotator "ChessBase"]
[PlyCount "56"]
[EventDate "2020.08.16"]
[EventType "swiss"]
[EventCountry "GER"]
[SourceTitle "playchess.com"]
[Source "ChessBase"]
[SourceQuality "1"]
[TimeControl "40/5400+30:1800+30"]

1. e4 {[%emt 0:00:00]} e6 {[%emt 0:00:00]} 2. d4 {[%emt 0:00:00]} d5 {[%emt 0:00:00]} 3. e5 {[%emt 0:01:10]} c5 {[%emt 0:00:05]} 4. c3 {[%emt 0:00:11]} Nc6 {[%emt 0:00:09]} 5. Nf3 {[%emt 0:00:08]} Bd7 {[%emt 0:00:11]} 6. dxc5 {[%emt 0:03:32]} Bxc5 {[%emt 0:00:22]} 7. Bd3 {[%emt 0:00:08]} Nge7 {[%emt 0:00:48]} 8. Qe2 {[%emt 0:00:40]} Ng6 {[%emt 0:11:23]} 9. b4 {[%emt 0:02:40]} Bb6 {[%emt 0:00:11]} 10. b5 {[%emt 0:01:04]} Na5 {[%emt 0:01:21]} 11. h4 {[%emt 0:00:43]} f6 {[%emt 0:04:33]} 12. Bxg6+ {[%emt 0:14:13]} hxg6 {[%emt 0:01:20]} 13. Qd3 {[%emt 0:03:09]} f5 {[%emt 0:38:21]} 14. Bf4 {[%emt 0:05:46]} Qc7 {[%emt 0:04:59]} 15. Nbd2 {[%emt 0:00:53]} Rc8 {[%emt 0:07:57]} 16. Rc1 {[%emt 0:03:00]} Qc5 {[%emt 0:05:51]} 17. Be3 {[%emt 0:04:36]} Qa3 {[%emt 0:09:43]} 18. O-O {[%emt 0:07:31]} Bxe3 {[%emt 0:00:36]} 19. Qxe3 {[%emt 0:01:36]} Bxb5 {[%emt 0:02:18]} 20. Rfe1 {[%emt 0:00:12]} Nc4 {[%emt 0:01:08]} 21. Qg5 {[%emt 0:02:20]} Kf7 {[%emt 0:00:21]} 22. Nd4 {[%emt 0:01:13]} Bd7 {[%emt 0:00:44]} 23. N2f3 {[%emt 0:00:17]} b6 {[%emt 0:05:32]} 24. Qg3 {[%emt 0:01:58]} Rhe8 {[%emt 0:02:30]} 25. h5 {[%emt 0:04:56]} gxh5 {[%emt 0:00:28]} 26. Qh4 {[%emt 0:01:40]} Rh8 27. Ng5+ Kg8 28. Ngf3 Kf7 1-0

[Event "91st GER-ch 2020"]
[Site "Magdeburg"]
[Date "2020.08.17"]
[Round "2.16"]
[White "Trifan, Andrei Ioan"]
[Black "Neurohr, Juergen"]
[Result "0-1"]
[WhiteElo "2249"]
[BlackElo "2022"]
[Annotator "ChessBase"]
[PlyCount "130"]
[EventDate "2020.08.16"]
[EventType "swiss"]
[EventCountry "GER"]
[SourceTitle "playchess.com"]
[Source "ChessBase"]
[SourceQuality "1"]
[TimeControl "40/5400+30:1800+30"]

1. e4 {[%emt 0:00:00]} e6 {[%emt 0:00:00]} 2. d4 {[%emt 0:00:00]} d5 {[%emt 0:00:00]} 3. Nc3 {[%emt 0:00:00]} Bb4 {[%emt 0:00:00]} 4. e5 {[%emt 0:00:00]} c5 {[%emt 0:00:10]} 5. a3 {[%emt 0:00:25]} Bxc3+ {[%emt 0:00:12]} 6. bxc3 {[%emt 0:00:04]} Ne7 {[%emt 0:00:12]} 7. Qg4 {[%emt 0:00:07]} O-O {[%emt 0:00:09]} 8. Bd3 {[%emt 0:05:23]} f5 {[%emt 0:00:19]} 9. exf6 {[%emt 0:00:40]} Rxf6 {[%emt 0:00:10]} 10. Bg5 {[%emt 0:00:30]} Rf7 {[%emt 0:00:19]} 11. Qh4 {[%emt 0:10:12]} h6 {[%emt 0:20:42]} 12. Bxe7 {[%emt 0:00:38]} Rxe7 {[%emt 0:08:00]} 13. Ne2 {[%emt 0:01:18]} c4 {[%emt 0:05:40]} 14. Bg6 {[%emt 0:00:26]} Nc6 {[%emt 0:00:55]} 15. O-O {[%emt 0:05:56]} e5 {[%emt 0:04:03]} 16. dxe5 {[%emt 0:06:25]} Nxe5 {[%emt 0:00:22]} 17. Bh5 {[%emt 0:03:35]} Bf5 {[%emt 0:04:35]} 18. Nd4 {[%emt 0:04:47]} Bd7 {[%emt 0:11:19]} 19. Rad1 {[%emt 0:03:00]} Be8 {[%emt 0:19:00]} 20. f4 {[%emt 0:09:48]} Bxh5 {[%emt 0:06:31]} 21. Qxh5 {[%emt 0:00:14]} Nc6 {[%emt 0:00:34]} 22. f5 {[%emt 0:05:56]} Re5 {[%emt 0:02:03]} 23. Ne6 {[%emt 0:04:13]} Qf6 {[%emt 0:04:17]} 24. Qg4 {[%emt 0:01:19]} Ne7 {[%emt 0:01:35]} 25. Rd4 {[%emt 0:02:00]} Rxf5 {[%emt 0:01:24]} 26. Nf4 {[%emt 0:06:39]} Rf8 {[%emt 0:01:30]} 27. Rf3 {[%emt 0:02:47]} Qf7 {[%emt 0:02:08]} 28. Ne2 {[%emt 0:07:07]} Rxf3 {[%emt 0:00:30]} 29. gxf3 {[%emt 0:00:02]} Qxf3 {[%emt 0:00:58]} 30. Qxf3 {[%emt 0:00:06]} Rxf3 {[%emt 0:00:06]} 31. Kg2 {[%emt 0:00:46]} Rf5 {[%emt 0:01:36]} 32. Rd1 {[%emt 0:01:08]} Kf7 {[%emt 0:01:27]} 33. Nd4 {[%emt 0:01:32]} Rf6 {[%emt 0:01:24]} 34. Rb1 {[%emt 0:02:54]} b6 {[%emt 0:00:31]} 35. a4 {[%emt 0:00:43]} Nf5 {[%emt 0:01:04]} 36. Nxf5 {[%emt 0:01:32]} Rxf5 {[%emt 0:00:05]} 37. a5 {[%emt 0:00:06]} Rf6 {[%emt 0:00:44]} 38. Rb5 {[%emt 0:00:25]} Rd6 {[%emt 0:00:42]} 39. axb6 {[%emt 0:01:22]} axb6 {[%emt 0:00:08]} 40. h4 {[%emt 0:02:30]} Ke6 {[%emt 0:01:03]} 41. Kf3 {[%emt 0:30:50]} Ke5 {[%emt 0:33:26]} 42. Rb1 {[%emt 0:00:45]} Rf6+ {[%emt 0:00:00]} 43. Kg3 {[%emt 0:00:00]} h5 {[%emt 0:00:00]} 44. Re1+ {[%emt 0:00:00]} Kd6 {[%emt 0:00:00]} 45. Re8 {[%emt 0:00:00]} Rg6+ {[%emt 0:00:00]} 46. Kf3 {[%emt 0:00:00]} Rg4 {[%emt 0:00:00]} 47. Rd8+ {[%emt 0:00:00]} Kc6 {[%emt 0:00:00]} 48. Rc8+ {[%emt 0:00:00]} Kd7 {[%emt 0:00:00]} 49. Rg8 {[%emt 0:00:00]} g6 {[%emt 0:00:00]} 50. Ke3 {[%emt 0:00:00]} Re4+ {[%emt 0:00:00]} 51. Kf3 {[%emt 0:00:00]} Rxh4 {[%emt 0:00:00]} 52. Rxg6 {[%emt 0:00:00]} Rh3+ {[%emt 0:00:00]} 53. Kf4 {[%emt 0:00:00]} Rxc3 {[%emt 0:00:00]} 54. Ke5 {[%emt 0:00:00]} Rxc2 {[%emt 0:00:00]} 55. Kxd5 {[%emt 0:00:00]} b5 {[%emt 0:00:00]} 56. Rg7+ {[%emt 0:00:00]} Ke8 {[%emt 0:00:00]} 57. Rb7 {[%emt 0:00:00]} Rb2 {[%emt 0:00:00]} 58. Kd4 {[%emt 0:00:00]} Rb3 {[%emt 0:00:48]} 59. Rh7 {[%emt 0:00:00]} Rd3+ {[%emt 0:02:36]} 60. Ke4 {[%emt 0:00:00]} b4 {[%emt 0:03:40]} 61. Rxh5 {[%emt 0:00:00]} b3 {[%emt 0:01:19]} 62. Rb5 {[%emt 0:00:00]} Kd7 {[%emt 0:00:56]} 63. Rb4 {[%emt 0:00:00]} Rd1 {[%emt 0:00:48]} 64. Ke5 {[%emt 0:00:00]} c3 {[%emt 0:00:27]} 65. Rb7+ {[%emt 0:00:00]} Ke8 {[%emt 0:00:40]} 0-1

[Event "91st GER-ch 2020"]
[Site "Magdeburg"]
[Date "2020.08.17"]
[Round "2.17"]
[White "Falke, Isaak"]
[Black "Weber, Max"]
[Result "0-1"]
[WhiteElo "2113"]
[BlackElo "2243"]
[Annotator "ChessBase"]
[PlyCount "72"]
[EventDate "2020.08.16"]
[EventType "swiss"]
[EventCountry "GER"]
[SourceTitle "playchess.com"]
[Source "ChessBase"]
[SourceQuality "1"]
[TimeControl "40/5400+30:1800+30"]

1. d4 {[%emt 0:02:01]} Nf6 {[%emt 0:00:00]} 2. Bf4 {[%emt 0:03:33]} d5 {[%emt 0:00:46]} 3. e3 {[%emt 0:00:12]} c5 {[%emt 0:00:48]} 4. Nf3 {[%emt 0:05:48]} Nc6 {[%emt 0:03:58]} 5. c3 {[%emt 0:02:24]} Qb6 {[%emt 0:00:18]} 6. Qb3 {[%emt 0:05:01]} c4 {[%emt 0:01:04]} 7. Qxb6 {[%emt 0:14:57]} axb6 {[%emt 0:00:45]} 8. Na3 {[%emt 0:01:45]} Bf5 {[%emt 0:11:59]} 9. Be2 {[%emt 0:13:39]} e6 {[%emt 0:04:32]} 10. Nb5 {[%emt 0:01:47]} Kd7 {[%emt 0:06:45]} 11. O-O {[%emt 0:03:53]} Ra5 {[%emt 0:05:52]} 12. b4 {[%emt 0:03:06]} Rxb5 {[%emt 0:08:41]} 13. a4 {[%emt 0:00:05]} Rxb4 {[%emt 0:01:22]} 14. cxb4 {[%emt 0:00:02]} Bxb4 {[%emt 0:00:49]} 15. Rfc1 {[%emt 0:14:37]} Na5 {[%emt 0:08:38]} 16. Ne5+ {[%emt 0:00:20]} Ke7 {[%emt 0:03:57]} 17. g4 {[%emt 0:02:24]} Bg6 {[%emt 0:02:29]} 18. Nxg6+ {[%emt 0:00:23]} hxg6 {[%emt 0:00:07]} 19. Bd1 {[%emt 0:03:18]} Ne4 {[%emt 0:05:02]} 20. Rcb1 {[%emt 0:03:04]} Nc6 {[%emt 0:02:11]} 21. Bc2 {[%emt 0:11:00]} Nc3 {[%emt 0:03:25]} 22. Re1 {[%emt 0:03:20]} Ra8 {[%emt 0:02:29]} 23. f3 {[%emt 0:00:57]} Nxa4 {[%emt 0:05:51]} 24. Reb1 {[%emt 0:01:28]} b5 {[%emt 0:00:51]} 25. e4 {[%emt 0:00:47]} Bc3 {[%emt 0:06:28]} 26. Ra3 {[%emt 0:00:09]} Nxd4 {[%emt 0:00:59]} 27. Bxa4 {[%emt 0:00:26]} bxa4 {[%emt 0:05:15]} 28. Rxb7+ {[%emt 0:00:25]} Ke8 {[%emt 0:00:08]} 29. Bd6 {[%emt 0:01:33]} Ra6 {[%emt 0:02:07]} 30. Bg3 {[%emt 0:01:41]} Nb3 {[%emt 0:01:17]} 31. exd5 {[%emt 0:00:37]} exd5 {[%emt 0:00:11]} 32. Rc7 {[%emt 0:00:20]} Bb2 {[%emt 0:00:33]} 33. Ra2 {[%emt 0:00:11]} a3 {[%emt 0:00:14]} 34. Bf4 {[%emt 0:00:06]} Nd4 {[%emt 0:01:05]} 35. Be3 {[%emt 0:01:36]} Ne2+ {[%emt 0:01:02]} 36. Kf2 {[%emt 0:00:27]} Nc3 {[%emt 0:00:12]} 0-1